[Event "Klubbmesterskapet 2017 (B)"]
[Site "Ås, Akershus NOR"]
[Date "2017.01.12"]
[Round "1"]
[White "Samset, Jon"]
[Black "Simonsen, Steinar"]
[Result "1-0"]
[WhiteElo "1069"]
[BlackElo "1218"]
[PlyCount "35"]
[EventDate "2017.01.12"]

1. Nf3 Nc6 2. g3 d5 3. d4 Nf6 4. Nc3 Bf5 5. a3 e6 6. Bg2 Be7
7. b4 O-O 8. O-O Ne4 9. Nxe4 dxe4 10. Ne5 Qxd4 11. Nxc6 Qxa1 12. Nxe7+ Kh8 13.
Nxf5 exf5 14. Qd5 g6 15. Bh6 Rfd8 16. Qxd8+ Rxd8 17. Rxa1 Rd2 18. Bxd2 1-0

[Event "Klubbmesterskapet 2017 (B)"]
[Site "Ås, Akershus NOR"]
[Date "2017.01.12"]
[Round "1"]
[White "Garmark, Vegard"]
[Black "Petersen, Rune J"]
[Result "1-0"]
[WhiteElo "1217"]
[BlackElo "875"]
[PlyCount "69"]
[EventDate "2017.01.12"]

1. e4 e6 2. Nf3 d6 3. d4 Nc6 4. Bd3 e5 5. dxe5 Nxe5 6. Nxe5
dxe5 7. O-O Nf6 8. Bb5+ Bd7 9. Nc3 c6 10. Bc4 Bb4 11. Bd2 Qc7 12. Re1 O-O-O 13.
a3 Bxc3 14. bxc3 Be6 15. Bxe6+ fxe6 16. Qe2 Rd7 17. c4 c5 18. Bc3 h5 19. a4 a5
20. Rab1 b6 21. Rb3 Rd6 22. Bxe5 Rhd8 23. Bxd6 Rxd6 24. Rd3 Ng4 25. Rxd6 Qxd6
26. g3 e5 27. h3 Nf6 28. Rd1 Qc6 29. Qd3 Nd7 30. Qd5 Qxa4 31. Qa8+ Nb8 32. Qa7
Nd7 33. Rd6 g5 34. Re6 Nf8 35. Qa8+ 1-0

[Event "Klubbmesterskapet 2017 (B)"]
[Site "Ås, Akershus NOR"]
[Date "2017.02.06"]
[Round "1"]
[White "Lange, Magnus Øyvind"]
[Black "Thowsen, Alf Geir"]
[Result "0-1"]
[WhiteElo "868"]
[BlackElo "1188"]
[PlyCount "52"]
[EventDate "2017.01.12"]

1. e4 c6 2. d4 d5 3. exd5 cxd5 4. Nc3 e6 5. Bf4 Bb4 6. Nge2 Nf6 7. g3 O-O 8.
Bg2 Nc6 9. O-O Qb6 10. Be5 Nxe5 11. dxe5 Nd7 12. Kh1 Nxe5 13. b3 Ng4 14. Qe1
Bd7 15. h3 Nf6 16. a3 Bxc3 17. Qxc3 Rac8 18. Qd3 Bb5 19. Qd2 Rfd8 20. a4 Bc6
21. a5 Qc7 22. Rad1 Bb5 23. Rc1 Ne4 24. Bxe4 dxe4 25. Qe3 Qxa5 26. Qxe4 Bc6 0-1

[Event "Klubbmesterskapet 2017 (A)"]
[Site "Ås, Akershus NOR"]
[Date "2017.01.19"]
[Round "2"]
[White "Andersen, Odd"]
[Black "Kielland-Lund, Jon"]
[Result "1/2-1/2"]
[WhiteElo "1611"]
[BlackElo "1499"]
[PlyCount "128"]
[EventDate "2017.01.12"]

1. d4 d5 2. c4 c6 3. Bf4 Nf6 4. e3 Bf5 5. Nc3 e6 6. a3 Bd6 7. Bg3 O-O 8. c5
Bxg3 9. hxg3 b6 10. b4 bxc5 11. bxc5 Qa5 12. Qd2 Nbd7 13. Nf3 Rab8 14. Ne4
Qxd2+ 15. Nexd2 Rb2 16. Nh4 Bc2 17. Be2 Ba4 18. Nhf3 Rfb8 19. Bd3 Bc2 20. Ke2
Ne4 21. Bxc2 Rxc2 22. Rhc1 Rcb2 23. Ke1 Nxd2 24. Nxd2 Nf6 25. Rab1 Ne4 26. Rxb2
Rxb2 27. Rb1 Rxb1+ 28. Nxb1 Kf8 29. g4 Ke7 30. f3 Nf6 31. Nd2 h6 32. Kf2 g5 33.
Kg3 Ne8 34. f4 Nf6 35. Nf3 Ne4+ 36. Kh2 f6 37. Kg1 Kd7 38. Kf1 a6 39. Ke1 Ke7
40. Nd2 Nc3 41. Kf2 a5 42. a4 Nxa4 43. Nb3 Nc3 44. Nxa5 Ne4+ 45. Kf3 Kd7 46.
Nb3 f5 47. gxf5 exf5 48. Nc1 Nd2+ 49. Ke2 Nc4 50. g3 g4 51. Nd3 h5 52. Ne1 Ke6
53. Kd3 Kf6 54. Ng2 Ke6 55. Nh4 Kf6 56. Ng2 Ke6 57. Ne1 Kf6 58. Ke2 Ke6 59. Nd3
Ke7 60. Nb4 Kd7 61. Nd3 Ke6 62. Ne5 Nxe5 63. fxe5 Kd7 64. Kf2 Ke7 1/2-1/2

[Event "Klubbmesterskapet 2017 (A)"]
[Site "Ås, Akershus NOR"]
[Date "2017.02.06"]
[Round "2"]
[White "Ruud, Kjetil"]
[Black "Moberg, Jan Rune"]
[Result "1-0"]
[WhiteElo "1527"]
[BlackElo "1529"]
[PlyCount "107"]

1. e4 c5 2. Nc3 a6 3. f4 d6 4. Nf3 e6 5. a4 Nc6 6. Bc4 Nd4 7. O-O Be7 8. Ne2
Nxf3+ 9. Rxf3 d5 10. exd5 exd5 11. Rd3 Nf6 12. Bxd5 Nxd5 13. c4 Be6 14. Nc3 Bf6
15. cxd5 c4 16. Rf3 Bg4 17. Re3+ Kf8 18. Qxg4 Bd4 19. Qf3 Qb6 20. Kh1 Bxe3 21.
dxe3 Re8 22. e4 f6 23. e5 f5 24. Qe3 Qxe3 25. Bxe3 Ke7 26. Rd1 Rc8 27. Ne2 Rhd8
28. d6+ Kd7 29. Bb6 Re8 30. Nd4 g6 31. Bc7 b5 32. a5 Rxc7 33. dxc7 Kxc7 34. Nc2
g5 35. g3 gxf4 36. gxf4 Kc6 37. Rd6+ Kc5 38. Rxa6 b4 39. Rd6 b3 40. Ne3 Rb8 41.
Nd1 Rb4 42. Nc3 Rb8 43. h3 Ra8 44. Kg2 h5 45. Kf2 Rg8 46. a6 h4 47. a7 Ra8 48.
Rd7 Kc6 49. Rf7 Kc5 50. Ke3 Rg8 51. Rxf5 Rg3+ 52. Kd2 Rd3+ 53. Kc1 Rd8 54. Rf6
1-0

[Event "Klubbmesterskapet 2017 (A)"]
[Site "Ås, Akershus NOR"]
[Date "2017.01.19"]
[Round "2"]
[White "Furnes, Torstein"]
[Black "Lea, Per"]
[Result "1/2-1/2"]
[WhiteElo "1565"]
[BlackElo "1533"]
[Annotator "Lea, Per"]
[PlyCount "46"]
[EventDate "2017.01.12"]

1. d4 d5 2. c4 e6 3. Nc3 Nf6 4. Bg5 Be7 5. e3 O-O 6. Nf3 c6 7. Rc1 Nbd7 8. Bd3
dxc4 9. Bxc4 Nd5 10. Bxe7 Qxe7 11. O-O Nxc3 12. Rxc3 e5 13. dxe5 Nxe5 14. Nxe5
Qxe5 15. f4 {Dette har vi spilt to ganger tidligere, i Konrad hurtigsjakk 2013
(svart vinst) og Høstturnering 2015 (remis). Trekkene ble da også utført a
tempo: etter 15 trekk sto klokkene på 1:32 for hvit og 1:34 for svart. (Svarts
15. trekk var en "prepp")} (15. Qc2 {har jeg fått mot Torstein i et
hurtigsjakkparti i 2010, som endte med hvit seier, og mot Svein-Erik Bakken 
(remis) i høstturneringa 2000}) (15. Qb3 {har jeg fått mot Torstein tidligere 
(Klubbmesterskapet 2011, svart seier) og Holger Lange (Klubbmesterskapet 2005,
remis)}) (15. Re1 {prøvde Svein-Erik Bakken seg med i høstturneringa 2005, men
det falt ikke så heldig ut og endte med svart seier}) 15... Qf6 ({En annen
mulighet - til skrekk og advarsel, er:} 15... Qe7 16. f5 Rd8 17. f6 Rxd1 18.
fxe7 Rxf1+ 19. Bxf1 $1 {Skjedde i partiet Gunnar Stake Larsen - Per Lea,
Østlandsserien 2005. Svart hadde gått rett i en felle og ga opp.}) ({Andre
muligheter:} 15... Qf5) (15... Qe4 {som vi har spilt noen ganger tidligere.})
16. e4 Rd8 17. Qe2 Be6 18. e5 Bxc4 19. Rxc4 Qf5 ({Her er} 19... Qe7 {en tanke
bedre. Men Stockfish 8 vurderer alle de siste trekkene til både hvit og svart
til å gi en helt lik stilling.}) 20. Rd1 Rd7 21. Rcd4 Rad8 22. Rxd7 Rxd7 23.
Rxd7 (23. g4 {er et dristig forsøk som kunne slått begge veier, men
teksttrekket er nok det tryggeste}) 23... Qxd7 {Og her ble enige om remis,
selv om begge kunne ha forsøkt å spille videre på grunn av den usymmetriske
bondestrukturen} 1/2-1/2

[Event "Klubbmesterskapet 2017 (A)"]
[Site "Ås, Akershus NOR"]
[Date "2017.01.19"]
[Round "2"]
[White "Lange, Holger"]
[Black "Bø, Martin"]
[Result "1-0"]
[WhiteElo "1598"]
[BlackElo "1285"]
[Annotator "Lange,Holger"]
[PlyCount "61"]
[EventDate "2017.01.12"]

1. d4 Nf6 2. c4 e6 3. Nf3 d5 4. Nc3 c6 5. Bg5 dxc4 6. a4 Nbd7 {første trekk
som er ikke i åpningsbiblioteket i Fritz12} 7. e4 (7. e3 Qa5 8. Bxf6 Nxf6 9.
Bxc4 Bb4 10. O-O Bxc3 11. bxc3 Qxc3 12. Qe2 {er også mulig. Hvit bytter bonde
mot initiativet}) 7... h6 8. Bxf6 {skal man gi opp løperparet, eller skal man
ikke det?} (8. Bd2 c5 $1 9. Bxc4 cxd4 10. Nxd4 {er lik i følge Fritz}) 8...
Nxf6 9. Bxc4 Bb4 10. Qd3 $1 {beskytter e4 og også Sc3 annen gang, dermed gir
10. ... Da5 ikke mye mening} O-O 11. O-O {Hvit har romfordel og står mer
aktivt. Holger følter seg ganske bra her.} c5 $6 (11... b6 12. e5 Nd5 13. Rac1
$11) 12. Na2 Ba5 $6 13. dxc5 Qxd3 14. Bxd3 Bd7 15. b4 $16 Bc7 16. Nc3 Rfd8 17.
Rfd1 Rac8 18. Rac1 $2 {I det minste unøyaktig. Hvit taper merbonden igjen.} a5
$1 19. b5 Bf4 $1 20. Rc2 Rxc5 21. Nd5 $6 exd5 {Begge spillere trodde dette var
en avgjørende feil. Fritz mener det er fullstendig likt (0.00)} 22. Rxc5 dxe4
23. Bxe4 Nxe4 ({Kommentar/analyse av Martin Bø:} 23... Bd6 {ser ut til å
avvikle til et likt sluttspill, der hvit må finne et par nøyaktige trekk som f.
eks} 24. Re5 Bxe5 25. Nxe5 Nxe4 26. Nxd7 Kh8 {(komme bort fra avdekkersjakken
med Sf6+)} 27. Rd3 g6 28. Ne5 Rxd3 29. Nxd3 {og den endelige stillingen burde
være remis}) 24. Rc4 Rc8 $4 {Lang tenkepause til tross, dette er tapstrekket!
Svart må forsøke} (24... f5 25. Rcd4 Bd6 $1 {(Holger hadde ikke engang tenkt
på trekket)} 26. Rxd6 Nxd6 27. Rxd6 Kf8 {og Svart lever fortsatt, og vel så
det (=0.00)}) 25. Rxe4 Rc1 26. Rxc1 Bxc1 27. Re7 Be6 28. Rxb7 Bb3 29. Ra7 Bxa4
30. Rxa5 Bb3 31. b6 {Svart ga opp} 1-0

[Event "Klubbmesterskapet 2017 (A)"]
[Site "Ås, Akershus NOR"]
[Date "2017.01.19"]
[Round "2"]
[White "Støle, Andreas"]
[Black "Lund, Petter"]
[Result "1/2-1/2"]
[WhiteElo "1632"]
[BlackElo "1583"]
[Annotator "Støle, Andreas"]
[PlyCount "70"]
[EventDate "2017.01.12"]

1. d4 Nf6 2. Nf3 d5 3. e3 e6 4. Bd3 c5 5. c3 Nc6 6. Nbd2 Be7 7. O-O O-O 8. e4
$2 dxe4 9. Nxe4 cxd4 10. Qe2 dxc3 11. bxc3 Nxe4 12. Qxe4 f5 13. Qe2 Bf6 14. Qc2
$2 Ne5 (14... Nb4 15. cxb4 Bxa1 $17) 15. Nxe5 Bxe5 16. Ba3 Rf7 17. f4 Bd6 18.
Bxd6 Qxd6 19. Kh1 Bd7 20. Rad1 Qc7 21. Qb3 Kh8 22. Bc4 (22. Rfe1 Qxf4 23. Qxb7)
22... Re7 23. Rde1 Rae8 24. Re5 a6 (24... g5) 25. Rfe1 b5 26. Bxe6 Bxe6 27.
Rxe6 Qxf4 28. Qd1 Qc7 29. Qf3 Kg8 (29... g6) 30. Qd5 Rxe6 31. Rxe6 Rxe6 32.
Qxe6+ Kf8 33. Qxf5+ Qf7 34. Qc8+ Qe8 35. Qf5+ Qf7 1/2-1/2

[Event "Klubbmesterskapet 2017 (B)"]
[Site "Ås, Akershus NOR"]
[Date "2017.01.19"]
[Round "2"]
[White "Midtgard, Anders"]
[Black "Naasen, Nils"]
[Result "1/2-1/2"]
[WhiteElo "1125"]
[BlackElo "1320"]
[Annotator "Lea, Per"]
[PlyCount "96"]
[EventDate "2017.01.12"]

1. d4 Nf6 2. c4 e6 3. Nf3 Bb4+ 4. Nbd2 d5 5. Ne5 O-O 6. a3 Bxd2+ 7. Bxd2 dxc4
8. e3 Nbd7 9. Nxd7 Bxd7 10. Bxc4 Bc6 11. O-O b5 12. Bd3 Re8 13. Rc1 Qd5 14. f3
a6 15. Qc2 (15. Rc5 Qd6 16. Qc2 Bd7 17. Be1 ({Bedre enn:} 17. Rxc7 e5) 17... c6
18. Bg3 Qe7 19. e4) 15... Bb7 16. Qxc7 Rac8 17. Qa5 e5 18. Bc3 ({Ingen grunn
til å frykte} 18. dxe5 Qxd3 19. exf6 gxf6) 18... e4 19. Be2 Re6 (19... exf3 20.
Bxf3 Qd7 $11) 20. Bd2 Rec6 21. Rxc6 Rxc6 22. Rc1 Rxc1+ 23. Bxc1 g6 24. Qc7 Qc6
25. Qxc6 Bxc6 26. Kf2 Kg7 27. f4 Nd5 28. Bd2 Nb6 29. g4 f5 30. gxf5 gxf5 31.
Bc3 Nd5 32. Bf1 Kf6 33. Be2 ({Stockfish 8 foreslår} 33. Ba5 Ke6 34. Be2 Nf6 35.
Kg3 Nd5 36. Bd2 Kf6 37. Kf2 Ke6 {men det er ikke lett for en vanlig
klubbspiller å forstå disse vurderingene. Kanskje overvurderes hvits løperpar?}
) 33... Be8 34. Bd2 Ke6 35. Kg3 Kf6 36. Kf2 Ke6 37. Ba5 Ke7 38. a4 Bd7 39. axb5
axb5 40. Bd1 Bc6 41. Bb3 Ke8 42. Bxd5 Bxd5 43. b4 Kf7 44. Kg3 Kg6 45. Kh4 h5
46. Kg3 Kf7 47. h3 Bc4 48. h4 Ke6 {Med ulikefargede løpere er dette død remis.
Hvit har ingen mulighet til å utnytte merbonden.} 1/2-1/2

[Event "Klubbmesterskapet 2017 (B)"]
[Site "Ås, Akershus NOR"]
[Date "2017.02.02"]
[Round "2"]
[White "Sandvik, Sander"]
[Black "Samset, Jon"]
[Result "1-0"]
[WhiteElo "1145"]
[BlackElo "1069"]
[PlyCount "43"]
[EventDate "2017.01.12"]

1. e4 g6 2. d4 d6 3. Nc3 Bg7 4. f4 Nc6 5. Nf3 Bg4 6. Be3 Bxf3 7. Qxf3 Nf6 8.
O-O-O a5 9. e5 dxe5 10. dxe5 Nd7 11. Bb5 O-O 12. Bxc6 bxc6 13. Qxc6 Nxe5 14.
fxe5 Qb8 15. e6 Qb4 16. exf7+ Kxf7 17. Qd5+ e6 18. Rhf1+ Bf6 19. Rxf6+ Kxf6 20.
Bd4+ e5 21. Qxe5+ Kf7 22. Rf1+ 1-0

[Event "Klubbmesterskapet 2017 (B)"]
[Site "Ås, Akershus NOR"]
[Date "2017.01.19"]
[Round "2"]
[White "Simonsen, Steinar"]
[Black "Lange, Magnus Øyvind"]
[Result "1-0"]
[WhiteElo "1218"]
[BlackElo "868"]
[Annotator "Lea, Per"]
[PlyCount "59"]
[EventDate "2017.01.12"]

1. e4 e5 2. Nf3 Nf6 3. Nc3 Nc6 4. Bb5 d6 5. Bxc6+ bxc6 6. O-O Bg4 7. h3 Bh5 8.
d3 d5 9. Bg5 Bb4 10. g4 Bxc3 11. bxc3 Bg6 12. Nxe5 Qd6 13. Nxg6 hxg6 14. e5 {
Ikke så fikst som hvit tror} Qd7 (14... Qxe5 15. Re1 Ne4 16. dxe4 Qxg5 17.
exd5+ Kf8 {er fremdeles godt for hvit, men ikke på langt nær så godt som etter
svarts 14. trekk i partiet}) 15. exf6 gxf6 16. Bxf6 Rxh3 17. Qe2+ Kf8 18. f3 {
Med løper over blir dette plankekjøring} Re8 19. Qg2 Rh7 20. Rae1 Rb8 21. Re2
g5 22. Rfe1 Rh6 23. Be7+ Kg7 24. Bxg5 Rh7 25. Qg3 Rbh8 26. Qe5+ Kg8 27. Qe8+
Qxe8 28. Rxe8+ Kg7 29. Rxh8 Rxh8 30. Re7 1-0

[Event "Klubbmesterskapet 2017 (B)"]
[Site "Ås, Akershus NOR"]
[Date "2017.01.19"]
[Round "2"]
[White "Stensland, Martin"]
[Black "Aalmo, Alexander"]
[Result "0-1"]
[WhiteElo "1082"]
[BlackElo "1183"]
[Annotator "Lea, Per"]
[PlyCount "74"]
[EventDate "2017.01.12"]

1. Nf3 b6 2. c4 Bb7 3. e3 Nf6 4. Be2 e6 {Hvis noen trodde at spillerne nå er
ute i upløyd mark, så stemmer ikke det: ChessBase Live har 32 partier
registrert med denne stillingen.} 5. Nc3 Bb4 6. O-O Bxc3 7. bxc3 O-O 8. Ba3 {
Først her er spillerne ute på egen hånd. Ingen av de ovennevnte 32
hvitspillerne kom hit.} c5 9. d4 d6 10. dxc5 $2 {Bedre å innrømme at løperen
ikke har noen framtid på a3 og spille} (10. Bb2 {og håpe på at svart slår på d4
}) 10... dxc5 11. Qc2 Nc6 12. Rad1 Qc7 13. h3 Rad8 14. Bc1 {Hvit har problemer
med å få løperen i spill.} Na5 15. Ng5 h6 16. Nf3 Be4 17. Qa4 Bc6 18. Qc2 Bxf3
19. Bxf3 Nxc4 20. Qa4 Ne5 21. Be2 Nd5 22. Bb2 Nc6 (22... c4 {skaper større
problemer for hvit}) 23. Qh4 Nde7 24. c4 Ng6 25. Qg4 Rxd1 26. Rxd1 Rd8 27.
Rxd8+ Qxd8 28. h4 $2 Qd2 29. Bxg7 {Holder dessverre ikke, selv om tanken var
god.} ({Det minste av mange onder var} 29. h5 {men også da står svart klart
bedre}) 29... Kxg7 30. h5 $2 {Fra vondt til verre} ({Hvit måtte ha forsøkt} 30.
Bf1 {men svarts materielle overvekt avgjør}) 30... Nce5 31. Qg3 Qxe2 32. hxg6
Nxg6 ({Etter} 32... Ng4 $1 {må hvit gi dronning for å unngå snarlig matt}) 33.
f4 Qxa2 34. e4 Qb1+ 35. Kh2 Qxe4 36. Qc3+ Qd4 37. Qg3 Qxf4 0-1

[Event "Klubbmesterskapet 2017 (B)"]
[Site "Ås, Akershus NOR"]
[Date "2017.01.19"]
[Round "2"]
[White "Rønbeck, Bjørn"]
[Black "Petersen, Rune J"]
[Result "1-0"]
[WhiteElo "1168"]
[BlackElo "875"]
[Annotator "Lea, Per"]
[PlyCount "89"]
[EventDate "2017.01.12"]

1. e4 d6 2. d4 e6 {Veldig forsiktig - og uvanlig. Svart vil få problemer med å
utvikle løperne sine} 3. Nf3 Nc6 4. Bb5 Bd7 5. O-O Nf6 6. Re1 Be7 7. Bf4 O-O 8.
c3 e5 9. dxe5 Nxe5 10. Bxd7 Nxf3+ 11. Qxf3 Nxd7 {Til tross for det originale
åpningsspillet fra svarts side er hvits fordel minimal} 12. Nd2 Ne5 13. Qe2 Bg5
14. Bxg5 Qxg5 15. Rf1 {Virker litt rart. Tårnet står bedre på e1, svart har
ingen reelle trusler som tilsier at f2-feltet må garderes ekstra} Qf4 16. h3 f5
{Nå er det svart som er i ferd med å tilrive seg et lite initiativ} 17. g3 $4 {
En stygg feil, som svart ikke utnytter} Qh6 (17... Qxd2 $1 18. Qxd2 Nf3+ 19.
Kg2 Nxd2 20. Rfe1 Nxe4 {er lett vinst for svart}) 18. Kg2 f4 $1 19. Nf3 Nxf3
20. Qxf3 fxg3 21. Qxg3 Qf4 {Et dronningbytte fører bare til et omtrent jevnt
sluttspill. Svart burde heller ha gått for aktivt spill.} (21... Rf4) (21...
Rf6) (21... Rae8 {er 3 gode alternativer}) 22. f3 Qxg3+ 23. Kxg3 Rf6 24. f4
Rg6+ 25. Kf3 Rf8 26. Rf2 Rgf6 27. Ke3 g5 $2 28. Rg1 $1 h6 29. h4 d5 $4 {
Tapstrekket. Nå ender det hele i et tårnsluttspill med flere bønder ekstra for
hvit} 30. hxg5 hxg5 31. Rxg5+ Kf7 32. Rxd5 Ke6 33. f5+ Ke7 34. Rfd2 Rd6 35.
Rxd6 cxd6 36. c4 b6 37. b4 {Tårnet i g- eller h-linja for å true med å besette
7.raden ville fort forsegle svarts skjebne} Rc8 38. Kd4 a6 39. Rd3 b5 40. c5
dxc5+ 41. bxc5 Rd8+ 42. Kc3 b4+ 43. Kc4 Rxd3 44. Kxd3 a5 45. Kc4 1-0

[Event "Klubbmesterskapet 2017 (A)"]
[Site "Ås, Akershus NOR"]
[Date "2017.01.26"]
[Round "3"]
[White "Moberg, Jan Rune"]
[Black "Lange, Holger"]
[Result "0-1"]
[WhiteElo "1529"]
[BlackElo "1598"]
[PlyCount "104"]
[EventDate "2017.01.12"]

1. d4 Nf6 2. Nf3 d5 3. g3 b6 4. Bg2 Bb7 5. O-O e6 6. c4 Be7 7. Qc2 O-O 8. a3
Nbd7 9. Nbd2 c5 10. dxc5 Nxc5 11. b4 Nce4 12. cxd5 Bxd5 13. Nxe4 Bxe4 14. Qb3
Rc8 15. Bf4 Bc2 16. Qb2 Nd5 17. Qd4 Nc3 18. Qe3 Bf6 19. Be5 Nd5 20. Qd4 Qe7 21.
Rac1 Rfd8 22. Qb2 Bg6 23. Rfe1 Bxe5 24. Qxe5 Qf6 {med remistilbud} 25. e4 Qxe5
26. Nxe5 Ne7 27. Kf1 f6 28. Nxg6 Nxg6 29. Red1 Kf7 30. Ke2 Ke7 31. Bh3 Ne5 32.
f4 Nf7 33. Bg4 Nd6 34. Bf3 Nb5 35. Bg4 (35. Rxd8 Rxc1 36. Rh8 Rc2+ 37. Kf1 Rxh2
{med lik stilling}) 35... Nc3+ 36. Rxc3 Rxc3 37. Rxd8 Kxd8 38. Bxe6 Rxa3 39.
Kd2 Ke7 40. Bd5 Kd6 41. Kc2 Ra1 42. Bb7 Rf1 43. h3 Rf2+ 44. Kd3 Rf3+ 45. Kd4
Rxg3 46. e5+ Ke7 47. Bc8 Rb3 48. Bf5 Rxb4+ 49. Kc3 Rxf4 50. exf6+ Kxf6 51. Bxh7
Rh4 52. Bg8 Rxh3+ 0-1

[Event "Klubbmesterskapet 2017 (A)"]
[Site "Ås, Akershus NOR"]
[Date "2017.03.21"]
[Round "3"]
[White "Lea, Per"]
[Black "Ruud, Kjetil"]
[Result "0-1"]
[WhiteElo "1533"]
[BlackElo "1527"]
[Annotator "Lea, Per"]
[PlyCount "74"]
[EventDate "2017.01.12"]

1. e4 Nc6 2. Nf3 ({Det mer vanlige(?)} 2. d4 {fører erfaringsmessig til
stillinger som Kjetil liker bedre enn det jeg gjør}) 2... d6 ({derfor denne
invitasjonen til å få partiet inn i mer kjente farvann med} 2... e5 {Men
denslags går unge Ruud selvsagt ikke med på!}) 3. d4 Bg4 4. Be3 Nf6 5. Nc3 a6
6. a4 e5 7. Be2 Bxf3 8. Bxf3 exd4 9. Bxd4 Nxd4 10. Qxd4 Be7 11. Nd5 {Ingen
grunn til å forsere fram noe - hvits stilling er ikke så solid som han tror!} (
11. e5 {ble også vurdert, men det er ifølge Stockfish enda dårligere!}) (11.
O-O-O {er kanskje det beste, men bonden på a4 burde heller stått på a2 eller
a3 her}) 11... Nxd5 12. exd5 {Feil måte å slå tilbake på!} (12. Qxd5 Rb8 13.
O-O O-O 14. c3 c6 15. Qd3 {og hvit står kanskje mikroskopisk bedre (men det må
man ha et kraftig mikroskop for å kunne se...)}) 12... Bf6 13. Qe4+ Qe7 14. c3
({Etteranalysene konkluderte med at} 14. Qxe7+ Kxe7 15. c3 {var bedre, men
Stockfish er ikke enig.}) 14... Be5 {Den løperen skaper mye trøbbel for hvit}
15. O-O O-O 16. Rfe1 f5 17. Qd3 Qg5 18. g3 f4 19. Bg2 $2 (19. Qd2 {er et godt
alternativ}) ({Stockfish anbefaler} 19. g4 {men det ser ikke videre pent ut.
Derfor ble det heller aldri vurdert under partiet.}) 19... Rf7 20. Re4 {Nå er
Stockfish helt på svarts side.} Raf8 21. Rae1 h5 22. gxf4 $2 ({Etter} 22. a5 {
er det svart som må finne en måte å forsere angrepet på.}) 22... Rxf4 23. R1e2
Qh4 (23... Rxe4 24. Rxe4 Qc1+ 25. Bf1 Qxb2 {hadde vært enda mer overbevisende})
24. h3 Qg5 25. Qg3 $4 (25. Rxf4 Qxf4 26. Qc2 Qh2+ 27. Kf1 Qg3 {er neppe så
farlig som det kanskje ser ut}) 25... Rg4 $1 {Avgjørende! Hvit hadde surret
med variantberegningene i gryende tidsnød.} 26. Rxe5 (26. Rxg4 Qc1+ 27. Bf1
Bxg3 28. Rxg3 {er en smule bedre enn teksttrekket, men allikevel temmelig
håpløst}) 26... Rxg3 27. Rxg5 Rxg5 28. Re7 Rf7 29. Re8+ Kh7 30. Rb8 b6 31. Kf1
a5 32. Be4+ g6 33. Ke2 Re7 34. Ke3 $2 Kg7 35. b4 Rxd5 {Kunne også vært spilt i
det forrige trekket} 36. b5 Rde5 37. f3 d5 0-1

[Event "Klubbmesterskapet 2017 (A)"]
[Site "Ås, Akershus NOR"]
[Date "2017.02.02"]
[Round "3"]
[White "Lund, Petter"]
[Black "Andersen, Odd"]
[Result "0-1"]
[WhiteElo "1583"]
[BlackElo "1611"]
[Annotator "Furnes, Torstein"]
[PlyCount "156"]
[EventDate "2017.01.12"]

1. c4 f5 2. b3 Nf6 3. Bb2 e6 4. Nf3 d5 5. cxd5 exd5 6. e3 c6 7. Bd3 Nbd7 8. Nd4
g6 9. Ne6 Qb6 10. Nxf8 Rxf8 11. Nc3 Nc5 12. Be2 Bd7 13. O-O O-O-O 14. d4 Ne6
15. Na4 Qc7 16. b4 Kb8 17. Rc1 Qd6 18. Nc5 Rc8 19. Qb3 Ka8 20. Ba3 b5 21. Bb2
Nxc5 22. Rxc5 Ne4 23. Rc2 Kb7 24. f3 Nf6 25. Rfc1 f4 26. a4 a6 27. Ra1 Ra8 28.
Bc1 fxe3 29. Bxe3 Rfe8 30. axb5 axb5 31. Rca2 Bf5 32. Ra5 Rxa5 33. bxa5 Bd7 34.
g3 Ka6 35. Bf1 Nh5 36. Qc3 Qe6 37. Bf2 Qd6 38. g4 Nf4 39. Bg3 g5 40. Kf2 h6 41.
Rc1 Qe7 42. Bxf4 gxf4 43. Qd2 Qe3+ 44. Qxe3 Rxe3 45. Re1 Rxe1 46. Kxe1 Kxa5 47.
Kd2 Ka4 48. h4 Be8 49. Bd3 Bf7 50. Bh7 Ka3 51. g5 hxg5 52. hxg5 Be6 53. Bg6 b4
54. Bb1 Kb3 55. Bc2+ Kc4 56. Ba4 Kxd4 (56... b3 $1 $19 {vinner forsert. F.eks.}
57. Bxc6 (57. Kc1 Kc3) 57... Kb4 58. Kc1 Kc3) 57. Bxc6 Bf5 58. Ba4 Ke5 59. Bb3
d4 60. Bc4 Be6 61. Bd3 Bd5 62. Ke2 b3 63. Kd2 Bxf3 64. g6 Bd5 65. Ke2 Kf6 66.
Kd2 f3 67. Kc1 f2 68. Kd2 f1=Q ({Raskeste vinst er} 68... Be4 $3 {og svart får
ny dronning.}) 69. Bxf1 Kxg6 $6 $11 {Et tilsynelatende naturlig trekk, men
etter dette trekket er stillingen teoretisk remis ifølge sluttspilldatabaser.}
({Svarts eneste vinsttrekk er} 69... Be4 $1 $19 {med matt i 20 trekk.}) 70. Kd3
b2 71. Kc2 Be4+ 72. Kxb2 Kf5 73. Ba6 ({Teksttrekket holder også remis. Men den
greieste remisplanen er kanskje å spille} 73. Kc1 {fulgt av Kd2. På d2-feltet
blokkeres bonden og kongen kan aldri fordrives derfra. Hvit trenger bare å
flytte løperen rundt på brettet resten av partiet uten at svart kan komme
videre.}) 73... Kf4 74. Kc1 Ke3 75. Kd1 $2 $19 {Virker naturlig, men er
egentlig et tapstrekk. Svart kan nå framtvinge matt i 14 trekk. Hvit hadde
fire trekk som fortsatt ville holdt remis: Lb5, Lc4, Lf1 og Kb2.} Bf5 $6 $11 {
Overser vinsttrekket, og stillingen er igjen remis.} (75... Bd3 $1 $19 {er
eneste trekk som vinner, med matt i 14 trekk.}) 76. Bf1 $6 $19 {Igjen snur
stillingen, fra remis til svart vinststilling. Hvit kunne fortsatt holdt remis
med enten Lb5, Lc4, Le2, Kc1 eller Ke1.} Bd3 $1 {Eneste vinsttrekk.} 77. Bh3
Be2+ 78. Kc1 d3 0-1